000 00961nam a2200301 i 4500
003 EG-GICUC
005 20260209131708.0
008 260209s1910 -us |fr|||| 001 0 eng d
040 _aEG-GiCUC
_beng
_cEG-GiCUC
_dEG-GiCUC
_erda
041 0 _aeng
082 0 4 _221
_a341
_bWI . H
092 0 4 _221
099 _aLaw1 11 341 WI . H 1910
100 0 _aWilson, George Grafton
_eAuthor.
245 1 4 _aHandbook Of International Law /
_cBy George Grafton Wilson.
264 1 _aMinnesota :
_bWest Publishing Company,
_c1910.
300 _a623 pages,
_c24 cm
336 _2rda content
_atext
337 _2rda media
_aComputer
338 _2rda carrier
_aOnline Resource
504 _aIncludes bibliographical references.
504 _aBibliography: pages 237-242.
546 _aText in English
650 1 4 _aPublic international law
856 4 0 _uhttps://fll.law.cu.edu.eg/fulltext/bks/B11-07561.pdf
905 _a48
942 _2ddc
_cBK
_e21
_n0
999 _c61818
_d61818